| 000 | 00961nam a2200313 a 4500 | ||
|---|---|---|---|
| 001 | vtls001390882 | ||
| 003 | NLI | ||
| 005 | 20220906113136.0 | ||
| 008 | 120921s2010 ii g 000 p ben d | ||
| 020 | _c₹120.00 | ||
| 040 |
_aNLI _bben _cBengali Division |
||
| 041 | 0 | _aben | |
| 044 | _aii | ||
| 082 | 0 | 4 |
_a891.441 _222 _bG 3645 pr |
| 100 | 1 |
_6880-01 _aগঙ্গোপাধ্যায়, রবি _9691118 |
|
| 245 | 1 | 0 |
_6880-02 _aপ্রাচীন পদাবলী/ _cরবি গঙ্গোপাধ্যায় |
| 260 |
_aকলকাতা : _bকালপ্রতিমা , _c2010. |
||
| 300 |
_a96 p. _c; 23 cm |
||
| 650 | 0 | _aBengali poetry | |
| 700 | 1 | _6880-03 | |
| 710 | _6880-04 | ||
| 852 | _aBB | ||
| 880 | 1 |
_6100-01(B _aGaṅgopādhyāy, Rabi |
|
| 880 | 1 | 0 |
_6245-02(B _aPrācīn padābalī/ _cRabi Gaṅgopādhyāy |
| 880 | 1 | _6700-03(B | |
| 880 | 1 | _6700-04(B | |
| 887 | _aArdhendu Kunkri | ||
| 942 |
_2ddc _cBKS |
||
| 999 |
_c1551916 _d1551916 |
||